Normal view
MARC view
- Wallis, M. A. H
Entry Personal Name
001 - CONTROL NUMBER
- control field: 37546
003 - CONTROL NUMBER IDENTIFIER
- control field: NUST
005 - DATE AND TIME OF LATEST TRANSACTION
- control field: 20210314130315.0
008 - FIXED-LENGTH DATA ELEMENTS
- fixed length control field: 210314|| aca||aabn | a|a d
040 ## - CATALOGING SOURCE
- Original cataloging agency: NUST
- Transcribing agency: NUST
100 ## - HEADING--PERSONAL NAME
- Personal name: Wallis, M. A. H
670 ## - SOURCE DATA FOUND
- Source citation: Work cat.: (NUST): Wallis, M. A. H., Bureaucracy, its role in Third World development /, 1989.
